000 00997nam a2200277Ia 4500
003 OSt
005 20221005110045.0
006 a|||||r|||| 00| 0
007 ta
008 221004b |||||||| |||| 00| 0 hin d
020 _a8126015780 (pbk)
_c125
024 _a92560
037 _b533, 19/03/2009, Vani Prakashan
_cTextual
040 _aCRL
_cCRL
_bhin
041 _2hin
_ahin
082 _aO152xN16:g, P2
100 _aगोपेश्वर सिंह
245 0 _aनलिन विलोचन शर्मा
246 _aNalin vilochan sharmā
260 _aनई दिल्ली
_bसाहित्य अकादेमी भारत
_c2002
300 _a132पृ0
_ccm.
490 _aथ्ल्न्च् क्ब्.1 भ्प्छ
650 _aहिन्दी साहित्य
942 _hO152xN16:g, P2
_cTEXL
_2cc
999 _c1017652
_d1017652